[Event "38th WCh U20 Girls"]
[Site "Cala Gonone ITA"]
[Date "2022.10.14"]
[Round "4.11"]
[White "Kanyamarala, Trisha"]
[Black "Bashylina, Luisa"]
[Result "0-1"]
[WhiteElo "2174"]
[BlackElo "2073"]
[EventDate "2022.10.12"]
[PlyCount "134"]

1.d4 Nf6 2.c4 g6 3.Nc3 d5 4.cxd5 Nxd5 5.e4 Nxc3 6.bxc3 Bg7 7.Nf3 c5 8.Bb5+
Nc6 9.d5 a6 10.Ba4 b5 11.dxc6 Qxd1+ 12.Kxd1 bxa4 13.Kc2 f5 14.Be3 fxe4 15.
Nd2 O-O 16.Rhb1 Be6 17.Rb6 Bd5 18.Bxc5 Rac8 19.Rxa6 Bxc6 20.Ra5 Rf5 21.Bb6
Bb7 22.Nb1 Rxa5 23.Bxa5 Bd4 24.f3 exf3 25.gxf3 Bxf3 26.Nd2 Bg4 27.Re1 Bf5+
28.Kb2 Bc5 29.a3 e6 30.Nf3 Bd6 31.h4 e5 32.Bb4 e4 33.Nd4 Be5 34.Rf1 Bxd4 
35.cxd4 e3 36.Bc5 Rb8+ 37.Bb4 Re8 38.Re1 e2 39.d5 Kf7 40.Kc3 Re4 41.Kd2 
Rxh4 42.Kxe2 Re4+ 43.Kf3 Rxe1 44.Bxe1 g5 45.Bd2 Kg6 46.Bc3 h5 47.Be1 h4 
48.Bf2 Kf6 49.Bd4+ Kg6 50.Bf2 Kh5 51.Be1 Bc8 52.d6 Bb7+ 53.Kf2 Bc6 54.Kg1 
Kg4 55.Kh2 Kf3 56.Kh3 Bd7+ 57.Kh2 Ke2 58.Bc3 Kf3 59.Bf6 Kf4 60.Be7 Kg4 61.
Bf6 Kh5 62.Kg2 g4 63.Be5 Kg5 64.Kf2 Kf5 65.Bc3 g3+ 66.Kg1 h3 67.Be1 h2+ 
0-1

[Event "38th WCh U20 Girls"]
[Site "Cala Gonone ITA"]
[Date "2022.10.14"]
[Round "4.12"]
[White "Nurgali, Nazerke"]
[Black "Walter, Ema"]
[Result "1/2-1/2"]
[WhiteElo "2169"]
[BlackElo "2062"]
[EventDate "2022.10.12"]
[PlyCount "106"]

1.d4 d5 2.Nf3 e6 3.c4 c6 4.Qc2 dxc4 5.Qxc4 b5 6.Qc2 Bb7 7.e4 Nd7 8.Be2 
Ngf6 9.O-O Be7 10.Nbd2 O-O 11.Bd3 h6 12.a4 a6 13.Nb3 Rc8 14.axb5 cxb5 15.
Qe2 Re8 16.Bd2 Qc7 17.h3 e5 18.d5 Nf8 19.Rfc1 Qb8 20.Bc3 Ng6 21.g3 Bd6 22.
Nh2 h5 23.h4 Nf8 24.Nf1 N8d7 25.Bd2 g6 26.Na5 Rxc1 27.Rxc1 Rc8 28.Rxc8+ 
Qxc8 29.b4 Qc7 30.Qd1 Bc8 31.Ne3 Nb6 32.Qb3 Bd7 33.Qc2 Qxc2 34.Bxc2 Kf8 
35.f3 Ke7 36.Kf2 Kd8 37.Nb7+ Kc7 38.Nxd6 Kxd6 39.f4 Ng4+ 40.Nxg4 Bxg4 41.
fxe5+ Kxe5 42.Bf4+ Kd4 43.Be3+ Kc3 44.Bxb6 Kxc2 45.Ke3 Kc3 46.Ba5 Kc4 47.
Kf4 f5 48.exf5 Bxf5 49.Ke5 Bg4 50.d6 Bf5 51.Kf6 Kd5 52.Ke7 Kc6 53.Bd8 Bd7 
1/2-1/2

[Event "38th WCh U20 Girls"]
[Site "Cala Gonone ITA"]
[Date "2022.10.14"]
[Round "4.13"]
[White "Cassi, Elisa"]
[Black "Gombocz, Zsofia"]
[Result "0-1"]
[WhiteElo "1965"]
[BlackElo "2118"]
[EventDate "2022.10.12"]
[PlyCount "100"]

1.e4 e5 2.Nf3 Nc6 3.Bb5 a6 4.Ba4 Nf6 5.O-O Be7 6.Re1 b5 7.Bb3 O-O 8.d4 d6 
9.c3 Bg4 10.Be3 Na5 11.dxe5 Bxf3 12.Qxf3 dxe5 13.Rd1 Qc8 14.Bc2 Nc4 15.Bc1
Bc5 16.h3 Qe6 17.Nd2 Rad8 18.b3 Nxd2 19.Bxd2 Rd6 20.b4 Bb6 21.Bb3 Qe7 22.
Bg5 Rfd8 23.Rxd6 Rxd6 24.a4 h6 25.Bh4 Qe8 26.axb5 axb5 27.Qe2 Qc6 28.Qa2 
Rd7 29.Qa8+ Qxa8 30.Rxa8+ Kh7 31.Kf1 Nxe4 32.Bc2 f5 33.f3 Rd2 34.Ra2 Nd6 
35.g4 e4 36.gxf5 Nxf5 37.Ke1 Rh2 38.Bd8 Rh1+ 39.Kd2 Be3+ 40.Ke2 Rh2+ 41.
Ke1 Bf2+ 42.Kd1 Ne3+ 43.Kc1 Nxc2 44.Rxc2 Be3+ 45.Kd1 Rxc2 46.Kxc2 exf3 47.
Kd3 f2 48.Ke2 c6 49.Bh4 Kg6 50.Bg3 Kf5 0-1

[Event "38th WCh U20 Girls"]
[Site "Cala Gonone ITA"]
[Date "2022.10.14"]
[Round "4.14"]
[White "Radikovic, Anamarija"]
[Black "Aubert, Estee"]
[Result "1-0"]
[WhiteElo "2112"]
[BlackElo "2019"]
[EventDate "2022.10.12"]
[PlyCount "39"]

1.b3 d5 2.Bb2 c5 3.e3 Nc6 4.Bb5 Nf6 5.Nf3 Bg4 6.h3 Bxf3 7.Qxf3 g6 8.c4 Rg8
9.Bxf6 exf6 10.cxd5 a6 11.dxc6 axb5 12.Nc3 Qd3 13.c7 Rc8 14.Qxb7 Qd7 15.
Nd5 Be7 16.a4 b4 17.Rc1 Kf8 18.Nb6 Qxc7 19.Qxc8+ Qxc8 20.Nxc8 1-0

[Event "38th WCh U20 Girls"]
[Site "Cala Gonone ITA"]
[Date "2022.10.14"]
[Round "4.15"]
[White "Mkrtchian, Mariam"]
[Black "Pipia, Ekaterine"]
[Result "1-0"]
[WhiteElo "2374"]
[BlackElo "1926"]
[EventDate "2022.10.12"]
[PlyCount "107"]

1.d4 d5 2.c4 e6 3.Nf3 c6 4.e3 Nf6 5.Nc3 Bb4 6.Bd3 Ne4 7.Qc2 f5 8.O-O O-O 
9.Ne2 Bd6 10.b3 Nd7 11.a4 Qe7 12.Bb2 Rf6 13.Ne5 Rh6 14.g3 Qe8 15.f3 Ng5 
16.h4 Nf7 17.Nxf7 Qxf7 18.e4 f4 19.e5 Be7 20.Bc1 fxg3 21.Bxh6 gxh6 22.f4 
Nf8 23.Nxg3 Bxh4 24.Qh2 Bxg3 25.Qxg3+ Kh8 26.Ra2 Ng6 27.Rh2 Qg7 28.Kf2 Bd7
29.Rfh1 Nxf4 30.Rxh6 Nxd3+ 31.Qxd3 Rf8+ 32.Ke1 Rf7 33.Rxh7+ Qxh7 34.Rxh7+ 
Rxh7 35.Qg6 b5 36.axb5 cxb5 37.c5 Rg7 38.Qh6+ Kg8 39.c6 Bc8 40.Qf6 Rf7 41.
Qd8+ Rf8 42.Qc7 a6 43.Kd2 Rf2+ 44.Kc3 Rf3+ 45.Kb4 Rf8 46.Kc5 Re8 47.Kd6 
Rf8 48.Qb8 Kf7 49.Kc7 Kg6 50.Qxc8 Rxc8+ 51.Kxc8 a5 52.c7 a4 53.bxa4 bxa4 
54.Kd7 1-0

[Event "38th WCh U20 Girls"]
[Site "Cala Gonone ITA"]
[Date "2022.10.14"]
[Round "4.16"]
[White "Malikova, Marjona"]
[Black "Altantuya, Boldbaatar"]
[Result "0-1"]
[WhiteElo "1830"]
[BlackElo "2223"]
[EventDate "2022.10.12"]
[PlyCount "72"]

1.d4 Nf6 2.c4 e6 3.Nc3 Bb4 4.Qc2 b6 5.e4 c5 6.a3 Bxc3+ 7.bxc3 Bb7 8.Bd3 b5
9.Rb1 bxc4 10.Rxb7 cxd3 11.Qxd3 Qa5 12.Rb5 Qa4 13.Rxc5 O-O 14.Ne2 d5 15.
exd5 exd5 16.O-O Nbd7 17.Rc7 Rab8 18.Qf5 g6 19.Qh3 Qc2 20.Ng3 Rb1 21.Bh6 
Ne4 22.Rxb1 Qxf2+ 23.Kh1 Qc2 24.Rc1 Nf2+ 25.Kg1 Nxh3+ 26.gxh3 Qa4 27.Bxf8 
Nxf8 28.Rf1 f5 29.Re1 f4 30.Nf1 Qc2 31.Ree7 f3 32.Ne3 Qe2 33.Rg7+ Kh8 34.
Rge7 f2+ 35.Kg2 f1=Q+ 36.Kg3 Qff2# 0-1

[Event "38th WCh U20 Girls"]
[Site "Cala Gonone ITA"]
[Date "2022.10.14"]
[Round "4.17"]
[White "Kurmangaliyeva, Liya"]
[Black "Ishvi, Aggarwal"]
[Result "1-0"]
[WhiteElo "2199"]
[BlackElo "1964"]
[EventDate "2022.10.12"]
[PlyCount "83"]

1.d4 d5 2.c4 e6 3.Nf3 Nf6 4.Nc3 Be7 5.g3 dxc4 6.Bg2 Nd5 7.Qa4+ Bd7 8.Qxc4 
Nxc3 9.bxc3 Bc6 10.O-O Nd7 11.Qd3 O-O 12.c4 Nf6 13.Bg5 Rb8 14.Bxf6 Bxf6 
15.e4 b5 16.c5 Qc8 17.Rfd1 Rd8 18.Qe3 Qb7 19.Ne1 a5 20.Rab1 g6 21.h4 Bg7 
22.h5 gxh5 23.Rd3 Rd7 24.Rbd1 Re8 25.Qc1 Qa7 26.d5 exd5 27.exd5 Ba8 28.Nf3
Re2 29.Nd4 Bxd4 30.Rxd4 f6 31.c6 Rde7 32.Qf4 Kg7 33.d6 cxd6 34.Rxd6 Rf7 
35.Rd7 Qc5 36.Rc1 Qf8 37.Qc7 Ree7 38.Rxe7 Rxe7 39.Qxe7+ Qxe7 40.c7 Bxg2 
41.Kxg2 Qe4+ 42.Kg1 1-0

[Event "38th WCh U20 Girls"]
[Site "Cala Gonone ITA"]
[Date "2022.10.14"]
[Round "4.18"]
[White "Levitan, Ronit"]
[Black "Grozdanovic, Anastasia"]
[Result "0-1"]
[WhiteElo "2024"]
[BlackElo "1824"]
[EventDate "2022.10.12"]
[PlyCount "94"]

1.e4 c6 2.d4 d5 3.exd5 cxd5 4.Bd3 Nf6 5.h3 Nc6 6.c3 g6 7.Nf3 Bf5 8.Be2 Qc7
9.O-O Bg7 10.Be3 h6 11.Nbd2 g5 12.Re1 e6 13.Bb5 Nd7 14.a4 a6 15.Bf1 Bf6 
16.Rc1 Qb6 17.b4 Ne7 18.a5 Qd8 19.c4 Kf8 20.Qb3 Kg7 21.g4 Bg6 22.cxd5 Nxd5
23.Bc4 Nxe3 24.Qxe3 Rc8 25.Ne5 Nxe5 26.dxe5 Be7 27.Red1 Bxb4 28.Nb3 Qe7 
29.Bd3 Bxd3 30.Rxd3 Rxc1+ 31.Qxc1 Rd8 32.Qd1 Rxd3 33.Qxd3 Qc7 34.Qe4 Bxa5 
35.Nxa5 Qxa5 36.Qxb7 Qa1+ 37.Kg2 a5 38.Qe4 Qd1 39.Qe3 a4 40.Kh2 Qb3 41.Qd2
a3 42.h4 Qd5 43.Qc3 a2 44.Qb2 Qc4 45.hxg5 hxg5 46.f3 Qa4 47.Qa1 Qc2+ 0-1

[Event "38th WCh U20 Girls"]
[Site "Cala Gonone ITA"]
[Date "2022.10.14"]
[Round "4.19"]
[White "Simkunaite, Gabija"]
[Black "Ruiz Villalba, Andrea"]
[Result "1/2-1/2"]
[WhiteElo "2014"]
[BlackElo "1764"]
[EventDate "2022.10.12"]
[PlyCount "78"]

1.e4 c5 2.Nf3 g6 3.c3 d5 4.exd5 Qxd5 5.d4 Bg7 6.dxc5 Qxd1+ 7.Kxd1 Bg4 8.
Be3 Bxf3+ 9.gxf3 Nc6 10.Kc2 Nf6 11.Nd2 Nd5 12.Bc4 O-O-O 13.Rad1 Ne5 14.Bb3
Nxe3+ 15.fxe3 Bh6 16.f4 Ng4 17.Nc4 Nf2 18.Rxd8+ Rxd8 19.Rf1 Ne4 20.Rd1 
Rxd1 21.Kxd1 Nxc5 22.Bc2 Bg7 23.Ke2 b5 24.Nd2 Kc7 25.Nf3 h6 26.e4 e5 27.
fxe5 Nd7 28.Bb3 Nxe5 29.Nxe5 Bxe5 30.Bxf7 Bxh2 31.Bxg6 Kd6 32.Kf3 a5 33.a3
Be5 34.Be8 Kc5 35.Bf7 b4 36.axb4+ axb4 37.cxb4+ Kxb4 38.b3 h5 39.Bxh5 Kxb3
1/2-1/2

[Event "38th WCh U20 Girls"]
[Site "Cala Gonone ITA"]
[Date "2022.10.14"]
[Round "4.20"]
[White "Daniilidi, Dimitra Lydia"]
[Black "Singgih, Diajeng Theresa"]
[Result "0-1"]
[WhiteElo "1498"]
[BlackElo "1991"]
[EventDate "2022.10.12"]
[PlyCount "88"]

1.e4 e5 2.Nf3 Nc6 3.Bb5 a6 4.Ba4 Nf6 5.O-O b5 6.Bb3 Bc5 7.c3 d6 8.d4 Bb6 
9.Be3 O-O 10.Nbd2 Bg4 11.dxe5 dxe5 12.Qe2 Qe7 13.a4 b4 14.Bd5 Qd7 15.Bxb6 
cxb6 16.Nc4 Rae8 17.Rfd1 bxc3 18.bxc3 Nxd5 19.Rxd5 Qc7 20.Qd3 Be6 21.Ng5 
Bxd5 22.exd5 e4 23.Nxe4 Ne5 24.Nxe5 Qxe5 25.f3 f5 26.Ng5 Rc8 27.Ne6 Rxc3 
28.Qd2 Rfc8 29.Re1 Qxe1+ 30.Qxe1 Rc1 31.Kf2 Rxe1 32.Kxe1 Kf7 33.Kd2 g6 34.
Kd3 Ke7 35.g4 fxg4 36.fxg4 Kd6 37.Ng5 Kxd5 38.Nxh7 b5 39.axb5 axb5 40.Nf6+
Ke6 41.Ne4 b4 42.h4 b3 43.Nc3 b2 44.Nb1 Rc1 0-1

[Event "38th WCh U20 Girls"]
[Site "Cala Gonone ITA"]
[Date "2022.10.14"]
[Round "4.21"]
[White "Hajiyeva, Laman"]
[Black "Middleton, Jody"]
[Result "1-0"]
[WhiteElo "2138"]
[BlackElo "1850"]
[EventDate "2022.10.12"]
[PlyCount "145"]

1.e4 e6 2.d4 d5 3.e5 c5 4.c3 Qb6 5.Nf3 Nc6 6.Na3 cxd4 7.cxd4 Bb4+ 8.Bd2 
Nge7 9.Nc2 Bxd2+ 10.Qxd2 Qxb2 11.Bd3 h6 12.O-O Qb6 13.Rab1 Qc7 14.Ne3 a6 
15.Rfc1 O-O 16.Ng4 Nf5 17.Rb3 Qa5 18.Qf4 Nce7 19.Bxf5 Nxf5 20.Nd2 Kh7 21.
Rh3 Rg8 22.Nf3 Qd8 23.Ne3 g5 24.Qg4 Nxe3 25.fxe3 Rg6 26.Rf1 Kg7 27.Ne1 Bd7
28.Rhf3 Be8 29.Rf6 Qe7 30.h4 Kh7 31.hxg5 Rxg5 32.Qh4 Qf8 33.Nf3 Qg7 34.
Nxg5+ Qxg5 35.Qxg5 hxg5 36.Rc1 b5 37.Rc7 Kg8 38.Rf1 b4 39.Rfc1 Bb5 40.Rb7 
Bc4 41.Rxb4 Bxa2 42.Rc7 Bc4 43.Rbb7 Rf8 44.Re7 Bd3 45.Ra7 g4 46.Kh2 Bc4 
47.Kg3 Be2 48.Kf4 Bd3 49.Kxg4 Bg6 50.Rxa6 Kh8 51.Kg5 Bd3 52.Raa7 Rg8+ 53.
Kf6 Bg6 54.Rxf7 Bxf7 55.Rxf7 Rxg2 56.Kxe6 Re2 57.Rf3 Ra2 58.Kxd5 Ra5+ 59.
Ke6 Ra6+ 60.Kf7 Ra7+ 61.Kf6 Kg8 62.e6 Ra6 63.d5 Rb6 64.e4 Rd6 65.Ke7 Ra6 
66.d6 Ra7+ 67.d7 Kg7 68.Ke8 Ra6 69.d8=Q Rxe6+ 70.Kd7 Rxe4 71.Qg5+ Kh7 72.
Rh3+ Rh4 73.Rxh4# 1-0

[Event "38th WCh U20 Girls"]
[Site "Cala Gonone ITA"]
[Date "2022.10.14"]
[Round "4.22"]
[White "Georges, Lisa"]
[Black "Bucur, Denisa-Andreea"]
[Result "0-1"]
[WhiteElo "1799"]
[BlackElo "1946"]
[EventDate "2022.10.12"]
[PlyCount "62"]

1.e4 c5 2.Nf3 e6 3.g3 Nc6 4.Bg2 Nf6 5.Qe2 e5 6.O-O Be7 7.c3 O-O 8.Rd1 d5 
9.exd5 Qxd5 10.d3 Rd8 11.Ng5 Qd6 12.Na3 Bg4 13.f3 Bf5 14.Nc4 Bxd3 15.Qe3 
Qd5 16.b3 b5 17.f4 e4 18.Nb2 Ng4 19.Qe1 c4 20.Nxd3 cxd3 21.Nxe4 Bc5+ 22.
Kh1 Qh5 23.h3 Re8 24.Qf1 Rxe4 25.Bxe4 Nf2+ 26.Kh2 Nxe4 27.Rxd3 Nf2 28.Rd2 
Ng4+ 29.Kh1 Ne3 30.Qe2 Qxh3+ 31.Qh2 Qf1+ 0-1

[Event "38th WCh U20 Girls"]
[Site "Cala Gonone ITA"]
[Date "2022.10.14"]
[Round "4.23"]
[White "Mikic, Ivana"]
[Black "Norlamo, Sarabella"]
[Result "0-1"]
[WhiteElo "1783"]
[BlackElo "1946"]
[EventDate "2022.10.12"]
[PlyCount "138"]

1.e4 e5 2.Nf3 Nc6 3.Bb5 a6 4.Ba4 Nf6 5.d3 b5 6.Bb3 Be7 7.O-O O-O 8.Re1 d6 
9.c3 Nb8 10.Nbd2 Nbd7 11.Nf1 Bb7 12.Ng3 Nc5 13.Bc2 g6 14.b4 Ncd7 15.Bb3 
Re8 16.Ng5 d5 17.exd5 Bxd5 18.N3e4 Nxe4 19.Nxe4 c6 20.Bd2 f5 21.Ng3 Bf6 
22.c4 Bf7 23.Rc1 Rc8 24.cxb5 cxb5 25.Bxf7+ Kxf7 26.Qb3+ Kg7 27.Rxc8 Qxc8 
28.Rc1 Qb7 29.Qc2 Qd5 30.Ne2 Rd8 31.Be3 Nf8 32.Rd1 Ne6 33.f4 e4 34.d4 Rd6 
35.Qb3 Qxb3 36.axb3 Nc7 37.Rc1 Nd5 38.Bd2 Kf7 39.Rc8 Bd8 40.Nc3 e3 41.Be1 
Nxf4 42.g3 Nd3 43.Kf1 Rxd4 44.Ke2 Nxe1 45.Kxe1 Bg5 46.Rc7+ Kg8 47.Rc6 Rxb4
48.h4 Bxh4 49.gxh4 Rxh4 50.Rxa6 Rb4 51.Ra5 Rxb3 52.Nxb5 f4 53.Nd4 Rb4 54.
Nf3 Kg7 55.Ra6 Rb5 56.Nd4 Rb4 57.Nf3 Kh6 58.Ra5 Rb7 59.Ke2 Rf7 60.Nd4 Rf6 
61.Kf3 Rd6 62.Ne2 g5 63.Nc3 Re6 64.Ne2 Kg6 65.Kg4 h6 66.Rb5 Rf6 67.Nd4 h5+
68.Kf3 g4+ 69.Ke2 f3+ 0-1

[Event "38th WCh U20 Girls"]
[Site "Cala Gonone ITA"]
[Date "2022.10.14"]
[Round "4.24"]
[White "Popovic, Mateja"]
[Black "Skaslien, Ingrid"]
[Result "1-0"]
[WhiteElo "1718"]
[BlackElo "1909"]
[EventDate "2022.10.12"]
[PlyCount "75"]

1.d4 e6 2.c4 Nf6 3.Nf3 d5 4.Nc3 Be7 5.Bg5 O-O 6.e3 Nbd7 7.Rc1 a6 8.a4 b6 
9.cxd5 exd5 10.Bd3 Bb7 11.O-O Re8 12.Qc2 h6 13.Bf4 Nh5 14.Ne5 Nxf4 15.Bh7+
Kf8 16.exf4 Nxe5 17.fxe5 Bc8 18.Nxd5 c5 19.Be4 Ra7 20.dxc5 bxc5 21.Nxe7 
Raxe7 22.Qxc5 Kg8 23.f4 Bd7 24.Rfd1 Qb8 25.Qd4 Qb3 26.Bc6 Bxc6 27.Rxc6 Rb7
28.Rxa6 Rb4 29.Qd3 Qxb2 30.g3 Rc8 31.a5 Rbc4 32.Rb6 Qa2 33.Qd5 Qe2 34.Rb7 
Qe3+ 35.Kf1 Rxf4+ 36.gxf4 Qxf4+ 37.Kg1 Rc2 38.Rb8+ 1-0

[Event "38th WCh U20 Girls"]
[Site "Cala Gonone ITA"]
[Date "2022.10.14"]
[Round "4.25"]
[White "Sala, Giulia"]
[Black "Le Thuy An"]
[Result "1/2-1/2"]
[WhiteElo "1869"]
[BlackElo "1728"]
[EventDate "2022.10.12"]
[PlyCount "125"]

1.e4 c5 2.Nf3 d6 3.d4 cxd4 4.Nxd4 Nf6 5.Nc3 a6 6.Be3 e6 7.Be2 Qc7 8.O-O b5
9.a3 Bb7 10.Bd3 Nbd7 11.f4 Be7 12.Qf3 O-O 13.g4 Nb6 14.g5 Nfd7 15.Qh5 g6 
16.Qh6 Rfe8 17.Rf3 Bf8 18.Qh4 Bg7 19.Rh3 Nf8 20.f5 exf5 21.exf5 Nc4 22.
Bxc4 Qxc4 23.f6 Bh8 24.Bf2 Re5 25.Rd1 Rae8 26.Rhd3 Qc8 27.Bg3 Qc4 28.Bxe5 
dxe5 29.Nf3 e4 30.Re3 Qc5 31.Nd4 Rd8 32.Nxe4 Bxe4 33.Rxe4 Ne6 34.Rg4 Rd5 
35.b4 Qc3 36.Rd3 Qa1+ 37.Kf2 Re5 38.Rg1 Qb2 39.Rgd1 Nxg5 40.Re3 Rxe3 41.
Kxe3 Bxf6 42.Qf4 Qxa3+ 43.Ke2 Bxd4 44.Qxg5 Bb6 45.Rd6 Bc7 46.Rd7 Qc3 47.
Qc5 Be5 48.Qxc3 Bxc3 49.Rd6 Bxb4 50.Rxa6 Bc3 51.Rb6 b4 52.Kf3 Kg7 53.Ke4 
Kh6 54.Kf4 Bd2+ 55.Kg4 f5+ 56.Kf3 Kg5 57.h3 Kh4 58.Kg2 Kh5 59.Rc6 h6 60.
Rc4 Be1 61.Kf3 g5 62.Rc5 f4 63.Rc6 1/2-1/2

[Event "38th WCh U20 Girls"]
[Site "Cala Gonone ITA"]
[Date "2022.10.14"]
[Round "4.26"]
[White "Badenhorst, Chloe"]
[Black "Sebastian, Mhage Gerriahlou"]
[Result "0-1"]
[WhiteElo "1687"]
[BlackElo "1865"]
[EventDate "2022.10.12"]
[PlyCount "76"]

1.e4 c5 2.Nf3 a6 3.c3 d5 4.exd5 Qxd5 5.d4 cxd4 6.cxd4 Bg4 7.Nc3 Qa5 8.Be2 
Nf6 9.O-O e6 10.Bd2 Nc6 11.Rc1 Bb4 12.a3 Bxc3 13.Bxc3 Qd5 14.Ne5 Bxe2 15.
Qxe2 O-O 16.Nxc6 bxc6 17.Bb4 Rfc8 18.Rfd1 Qb5 19.Qd2 Nd5 20.Bc5 a5 21.Bd6 
Rd8 22.Rc5 Qb6 23.Rxd5 cxd5 24.Bc5 Qb3 25.Re1 Rdb8 26.Re2 Rb5 27.h4 Rab8 
28.h5 Qxb2 29.Qe3 Qb1+ 30.Kh2 Qf5 31.Qe5 Qxe5+ 32.Rxe5 Rxc5 33.dxc5 Rc8 
34.c6 Rxc6 35.Re3 Kf8 36.Rb3 Ke7 37.Rb7+ Kf6 38.Rb5 a4 0-1

[Event "38th WCh U20 Girls"]
[Site "Cala Gonone ITA"]
[Date "2022.10.14"]
[Round "4.27"]
[White "Olde, Grete"]
[Black "Muha, Magdalena"]
[Result "1-0"]
[WhiteElo "1862"]
[BlackElo "1706"]
[EventDate "2022.10.12"]
[PlyCount "57"]

1.e4 e6 2.d4 d5 3.exd5 exd5 4.Bd3 Nc6 5.c3 Bd6 6.Nf3 Bg4 7.O-O Nge7 8.Re1 
Qd7 9.Nbd2 O-O-O 10.b4 Ng6 11.b5 Nce7 12.Qb3 Nf4 13.Bf1 Neg6 14.c4 Bxf3 
15.Qxf3 Nh4 16.Qd1 Qf5 17.Re3 Rde8 18.c5 Be7 19.g3 g5 20.gxf4 gxf4 21.Bh3 
fxe3 22.Bxf5+ Nxf5 23.fxe3 Nxe3 24.Qf3 Rhg8+ 25.Kh1 Bh4 26.Qh3+ Kb8 27.
Qxh4 Ng2 28.Qf2 Re1+ 29.Nf1 1-0

[Event "38th WCh U20 Girls"]
[Site "Cala Gonone ITA"]
[Date "2022.10.14"]
[Round "4.28"]
[White "Gabbani, Sara"]
[Black "Femil, Chelladurai"]
[Result "1/2-1/2"]
[WhiteElo "1944"]
[BlackElo "1562"]
[EventDate "2022.10.12"]
[PlyCount "142"]

1.e4 c5 2.Nf3 g6 3.d4 cxd4 4.Nxd4 Nc6 5.g3 Bg7 6.Be3 Nf6 7.Bg2 O-O 8.Nc3 
d6 9.h3 Bd7 10.O-O Nxd4 11.Bxd4 Bc6 12.g4 Nd7 13.Bxg7 Kxg7 14.Qe2 a5 15.
Rad1 f6 16.Nd5 Nc5 17.h4 e6 18.Nf4 Qe7 19.Rd2 e5 20.Nd5 Bxd5 21.Rxd5 g5 
22.Rfd1 Ra6 23.Qd2 gxh4 24.Rxd6 Rxd6 25.Qxd6 Qxd6 26.Rxd6 Rf7 27.b3 Rd7 
28.Rd5 b6 29.a3 Rc7 30.Rd6 b5 31.Rb6 h3 32.Bf3 b4 33.axb4 axb4 34.Kh2 Nd7 
35.Rxb4 Rxc2 36.Kxh3 Rxf2 37.Kg3 Rd2 38.Rb7 Kf8 39.b4 Ke7 40.Bg2 Kd6 41.
Bf1 Kc6 42.Ra7 Rd4 43.b5+ Kb6 44.Ra6+ Kb7 45.Kf3 Nb6 46.Be2 Ra4 47.Ke3 Rb4
48.Ra1 Rd4 49.Rc1 Rd6 50.Rh1 Rd7 51.Rh6 Rf7 52.Kd3 Rd7+ 53.Kc3 Na4+ 54.Kb4
Rd4+ 55.Ka3 Nc3 56.Bf1 Nxe4 57.Rxh7+ Kb6 58.Rf7 Rd6 59.Kb4 Ng5 60.Rf8 e4 
61.Kc4 Nf3 62.Be2 Ne5+ 63.Kb4 e3 64.g5 fxg5 65.Re8 Rd4+ 66.Kc3 Rd5 67.Re6+
Kc7 68.Bf1 Kd7 69.Rh6 Rd1 70.Rh1 e2 71.Rh7+ Kd6 1/2-1/2

[Event "38th WCh U20 Girls"]
[Site "Cala Gonone ITA"]
[Date "2022.10.14"]
[Round "4.29"]
[White "Shaw, Laurie Ann"]
[Black "Dejanovic, Tereza"]
[Result "0-1"]
[WhiteElo "1409"]
[BlackElo "1943"]
[EventDate "2022.10.12"]
[PlyCount "62"]

1.d4 d5 2.c4 e6 3.Nc3 Nf6 4.cxd5 exd5 5.Bg5 Be7 6.e3 h6 7.Bh4 O-O 8.Bd3 b6
9.Qc2 c5 10.Nf3 c4 11.Be2 Nc6 12.O-O Be6 13.Rfd1 a6 14.a4 Na5 15.Ne5 Nb3 
16.Rab1 Qe8 17.e4 Nxe4 18.Bxe7 Nxc3 19.Bxf8 Nxd1 20.Ba3 Nxf2 21.Kxf2 Nxd4 
22.Qd2 Nxe2 23.Qxe2 Qxa4 24.Rd1 c3 25.Nd3 Bg4 26.Qe5 Qxd1 27.Qxd5 Rc8 28.
h3 Be6 29.Qe4 Rc4 30.Qa8+ Kh7 31.Ne5 Qd4+ 0-1

[Event "38th WCh U20 Girls"]
[Site "Cala Gonone ITA"]
[Date "2022.10.14"]
[Round "4.30"]
[White "Ortega Beltran, Ximena"]
[Black "Oliveira, Beatriz Correia"]
[Result "1-0"]
[WhiteElo "1820"]
[BlackElo "1538"]
[EventDate "2022.10.12"]
[PlyCount "61"]

1.c4 c6 2.Nf3 d5 3.d4 Bf5 4.g3 Nf6 5.Bg2 dxc4 6.a4 e6 7.O-O Nbd7 8.Nbd2 
Nb6 9.a5 Nbd5 10.Nxc4 Nb4 11.Nh4 Bc2 12.Qd2 Bb3 13.Qc3 Bxc4 14.Qxc4 Rc8 
15.Bd2 Na6 16.b4 Nd5 17.Rfb1 Nac7 18.a6 Nxa6 19.b5 Nb8 20.Rxa7 b6 21.e4 
Nf6 22.bxc6 Rxc6 23.Qa4 Nfd7 24.d5 Rc8 25.dxe6 fxe6 26.Qd1 Be7 27.Qh5+ Kf8
28.Ng6+ Kg8 29.Bh3 h6 30.Bxe6+ Kh7 31.Qf5 1-0

[Event "38th WCh U20 Girls"]
[Site "Cala Gonone ITA"]
[Date "2022.10.14"]
[Round "4.31"]
[White "Saravanan, Durga"]
[Black "Velikova, Gabriela"]
[Result "1-0"]
[WhiteElo "1736"]
[BlackElo "1500"]
[EventDate "2022.10.12"]
[PlyCount "97"]

1.d4 d5 2.c4 Nf6 3.cxd5 Nxd5 4.e4 Nf6 5.Nc3 e6 6.Nf3 Be7 7.Bc4 O-O 8.O-O 
b6 9.Qe2 Bb7 10.Rd1 Qc8 11.Bf4 a6 12.a4 c5 13.d5 exd5 14.exd5 Re8 15.Qd3 
Qg4 16.Bc7 Nbd7 17.h3 Qh5 18.Re1 Bf8 19.Bf4 h6 20.Rad1 g5 21.Bg3 Kg7 22.
Rxe8 Nxe8 23.Qf5 Rd8 24.Nh4 Ndf6 25.Be2 g4 26.hxg4 Qg5 27.Qxg5+ hxg5 28.
Nf5+ Kg8 29.Bf3 Nd6 30.Bxd6 Bxd6 31.Nxd6 Rxd6 32.Ne4 Nxe4 33.Bxe4 Kg7 34.
g3 Bc8 35.f3 Be6 36.Kf2 Bd7 37.b3 Kf6 38.Ke3 b5 39.axb5 Rb6 40.bxa6 Rxa6 
41.d6 Rb6 42.Rd3 Rb8 43.Rc3 Ke6 44.Bf5+ Kxd6 45.Rd3+ Kc6 46.Bxd7+ Kc7 47.
Ba4 f6 48.Rd7+ Kc8 49.Rd5 1-0

[Event "38th WCh U20 Girls"]
[Site "Cala Gonone ITA"]
[Date "2022.10.14"]
[Round "4.32"]
[White "Jacobsen, Shanne Hedegaard"]
[Black "Andhin, Chethanah"]
[Result "1-0"]
[WhiteElo "1412"]
[BlackElo "1493"]
[EventDate "2022.10.12"]
[PlyCount "133"]

1.d4 d5 2.c4 c6 3.cxd5 cxd5 4.Nc3 Nf6 5.Bf4 a6 6.e3 Bf5 7.Nf3 e6 8.Be2 Bd6
9.Ne5 Nc6 10.Qb3 Ra7 11.Bxa6 Rxa6 12.Qxb7 Bxe5 13.Qxa6 Bxf4 14.Qxc6+ Nd7 
15.exf4 O-O 16.O-O Nb8 17.Qb5 Qh4 18.Ne2 Qg4 19.a4 Qg6 20.Qb3 Nc6 21.Qg3 
Qh5 22.Nc3 Nxd4 23.Qg5 Qxg5 24.fxg5 Ra8 25.a5 Nb3 26.Ra3 Nd2 27.Rfa1 Nc4 
28.Rb3 d4 29.Nb5 d3 30.g4 Bg6 31.Rb4 Ne5 32.Nd4 Be4 33.Rc1 d2 34.Rd1 h6 
35.Rxd2 Rxa5 36.Rd1 Nd3 37.Rb8+ Kh7 38.gxh6 gxh6 39.h4 Ra2 40.f3 Bg6 41.h5
Nxb2 42.hxg6+ Kxg6 43.Rd2 Ra1+ 44.Kg2 Nc4 45.Re2 Rd1 46.Nc6 Kg7 47.Rb7 Kf6
48.Rb4 Nd6 49.Rd4 Rxd4 50.Nxd4 e5 51.Nc6 Nc4 52.Re4 Nd6 53.Rxe5 Kg6 54.Re7
Kf6 55.Kh3 Nc8 56.Re5 Nd6 57.Rh5 Kg6 58.Ne7+ Kg7 59.Nf5+ Nxf5 60.Rxf5 Kg6 
61.Kh4 f6 62.f4 Kg7 63.g5 hxg5+ 64.fxg5 fxg5+ 65.Kxg5 Kh8 66.Rf7 Kg8 67.
Kg6 1-0

[Event "38th WCh U20 Girls"]
[Site "Cala Gonone ITA"]
[Date "2022.10.14"]
[Round "4.33"]
[White "Silvera, Pilar"]
[Black "Gardiner, Noa Saxon"]
[Result "1/2-1/2"]
[WhiteElo "1470"]
[BlackElo "1266"]
[EventDate "2022.10.12"]
[PlyCount "94"]

1.e4 c6 2.d4 d5 3.exd5 cxd5 4.Bd3 Nf6 5.c3 Bg4 6.Qb3 Qd7 7.Bf4 a6 8.Ne2 
Nc6 9.O-O e6 10.Nd2 Be7 11.Rfe1 O-O 12.Ng3 Nh5 13.Nxh5 Bxh5 14.Re3 Bg6 15.
Bxg6 fxg6 16.Bg3 Bg5 17.Re2 Bf4 18.Bxf4 Rxf4 19.Rae1 Re8 20.Nf3 h6 21.Qc2 
g5 22.Ne5 Nxe5 23.Rxe5 Rf5 24.Qe2 Rxe5 25.Qxe5 Qf7 26.Qe2 Qf5 27.Kf1 Kf7 
28.Qd1 Re7 29.Qh5+ Qg6 30.Qxg6+ Kxg6 31.g4 Kf6 32.Re5 Rc7 33.Ke2 Rc6 34.
Kd3 b5 35.Kc2 a5 36.Kb3 Rc4 37.a3 a4+ 38.Kc2 Rc7 39.f3 Rc6 40.b3 Ra6 41.
Re1 axb3+ 42.Kxb3 Ra4 43.Re5 Rc4 44.Re1 Ra4 45.Re5 Rc4 46.Re1 Ra4 47.Re5 
Rc4 1/2-1/2

[Event "38th WCh U20 Girls"]
[Site "Cala Gonone ITA"]
[Date "2022.10.15"]
[Round "5.1"]
[White "Ouellet, Maili-Jade"]
[Black "Salimova, Nurgyul"]
[Result "0-1"]
[WhiteElo "2177"]
[BlackElo "2415"]
[EventDate "2022.10.12"]
[PlyCount "62"]

1.d4 Nf6 2.c4 e6 3.Nf3 a6 4.Nc3 d5 5.cxd5 exd5 6.Bg5 Be6 7.e3 Nbd7 8.Bd3 
Bd6 9.O-O c6 10.Re1 Qc7 11.Rc1 O-O 12.Bh4 Rfe8 13.Qc2 Bg4 14.Bg3 Bxf3 15.
gxf3 Nf8 16.e4 Bxg3 17.hxg3 dxe4 18.fxe4 Ne6 19.d5 Nd4 20.Qd1 Qb6 21.Bc4 
Rad8 22.Kg2 Nd7 23.dxc6 bxc6 24.Na4 Qa7 25.Qh5 Ne5 26.Nc5 g6 27.Qh6 Qxc5 
28.Rh1 Nxc4 29.b3 Qe5 30.Qxh7+ Kf8 31.bxc4 Qxe4+ 0-1

[Event "38th WCh U20 Girls"]
[Site "Cala Gonone ITA"]
[Date "2022.10.15"]
[Round "5.2"]
[White "Kamalidenova, Meruert"]
[Black "Hrebenshchykova, Yelyzaveta"]
[Result "1-0"]
[WhiteElo "2376"]
[BlackElo "2268"]
[EventDate "2022.10.12"]
[PlyCount "93"]

1.e4 e5 2.Nf3 Nc6 3.Bb5 Nf6 4.O-O Be7 5.Re1 d6 6.c3 O-O 7.d4 Bd7 8.Bf1 Bg4
9.d5 Nb8 10.c4 Nbd7 11.Nc3 a5 12.h3 Bh5 13.Rb1 Nc5 14.b3 h6 15.a3 Qd7 16.
b4 axb4 17.axb4 Na4 18.Nxa4 Rxa4 19.Qb3 Rfa8 20.Nd2 Qd8 21.Bb2 Nd7 22.Bd3 
Bg5 23.Nf1 c5 24.dxc6 bxc6 25.Ra1 Rxa1 26.Rxa1 Rb8 27.Qa4 Qc7 28.Bc3 Bg6 
29.Qc2 Nf8 30.Ra6 Ne6 31.g3 Be7 32.h4 Nd4 33.Bxd4 exd4 34.Qa4 d5 35.Rxc6 
Qd7 36.cxd5 Bxb4 37.Qd1 Re8 38.Qb1 Bc3 39.Kg2 Ra8 40.Qd1 h5 41.Rb6 Qe7 42.
Qc2 Ra3 43.Nh2 Qa7 44.Qb1 Ra1 45.Qb5 Qe7 46.Nf3 f6 47.d6 1-0